Normal view
MARC view
Entry Personal Name
001 - CONTROL NUMBER
- control field: 37006
003 - CONTROL NUMBER IDENTIFIER
- control field: ARRUPE
005 - DATE AND TIME OF LATEST TRANSACTION
- control field: 20171011092444.0
008 - FIXED-LENGTH DATA ELEMENTS
- fixed length control field: 171011|| aca||aabn | a|a d
040 ## - CATALOGING SOURCE
- Original cataloging agency: ARRUPE
- Transcribing agency: ARRUPE
100 ## - HEADING--PERSONAL NAME
- Personal name: Milton, Michael
670 ## - SOURCE DATA FOUND
- Source citation: Work cat.: (ARRUPE): Milton, Michael, Restoring the woven cord, 1995